Sovereign wealth funds and long-term investing /

Bibliographic Details
Other Authors: Bolton, Patrick, 1957-, Samama, Frederic, Stiglitz, Joseph E.
Format: Book
Language:English
Published: New York : Columbia University Press, [2012]
Subjects:

MARC

Tag First Indicator Second Indicator Subfields
LEADER 00000cam a2200000 a 4500
001 in00002741908
005 20151202152439.0
008 110810s2012 nyua b 001 0 eng
010 |a  2011033190 
020 |a 9780231158626 (cloth : alk. paper) 
020 |a 0231158629 (cloth : alk. paper) 
020 |a 9780231158633 (pbk. : alk. paper) 
020 |a 0231158637 (pbk. : alk. paper) 
020 |a 9780231530286 (ebook) 
020 |a 0231530285 (ebook) 
035 |a (OCoLC)ocn746619318 
040 |a DLC  |c DLC  |d UtOrBLW 
049 |a TXAM 
050 0 0 |a HJ3801  |b .S685 2012 
082 0 0 |a 332.67/252  |2 23 
245 0 0 |a Sovereign wealth funds and long-term investing /  |c edited by Patrick Bolton, Frederic Samama, and Joseph E. Stiglitz. 
264 1 |a New York :  |b Columbia University Press,  |c [2012] 
264 4 |c ©2012 
300 |a xii, 238 pages :  |b illustrations ;  |c 24 cm. 
336 |a text  |b txt  |2 rdacontent 
337 |a unmediated  |b n  |2 rdamedia 
338 |a volume  |b nc  |2 rdacarrier 
504 |a Includes bibliographical references. 
505 0 |a Keynote addresses -- The state of sovereign wealth funds -- Benchmarking and performance standards -- Fostering development through socially responsible investment -- Expanding investment horizons: opportunities for long-term investors -- Reducing climate risk -- Managing risk during macroeconomic uncertainty -- Managing commodity price volatility -- Sovereign wealth funds and world governance. 
650 0 |a Sovereign wealth funds. 
700 1 |a Bolton, Patrick,  |d 1957- 
700 1 |a Samama, Frederic. 
700 1 |a Stiglitz, Joseph E. 
945 |a PromptCat  |b 831202 
946 |a west,stk 
947 |a A14840563930 
948 |a cataloged  |b h  |c 2012/4/12  |d c  |e dmitchel  |f 8:30:20 am 
994 |a 92  |b TXA 
999 |a MARS 
999 f f |s 8277f2c2-2495-37aa-955a-114e35dd4787  |i 9d30f09c-3efa-320a-abec-533a802a550d  |t 0 
952 f f |p ric  |a Texas A&M University  |b Rellis Campus  |c Joint Library Facility  |s JLF  |d Remote Storage  |t 0  |e HJ3801 .S685 2012  |h Library of Congress classification  |i unmediated -- volume  |m A14840563930 
998 f f |a HJ3801 .S685 2012  |t 0  |l Remote Storage